Oceňovanie majetku a zdrojov majetku v účtovníctve podnikateľských subjektov v SR bakalárska práca

Saved in:
Bibliographic Details
Main Author: Rybka, Lukáš
Corporate Author: Fakulta hospodárskej informatiky EU. Katedra účtovníctva a audítorstva
Other Authors: Szászová, Renáta
Format: Book
Language:Slovak
Published: Bratislava 2009
Tags: Add Tag
No Tags, Be the first to tag this record!

MARC

LEADER 00000nam$a2200000$$$4500
001 0103851
005 20240318134759.2
041 0 |a slo 
044 |a SK 
245 1 0 |a Oceňovanie majetku a zdrojov majetku v účtovníctve podnikateľských subjektov v SR  |b bakalárska práca  |c Lukáš Rybka ; škol. Renáta Szászová 
264 1 |a Bratislava  |c 2009 
300 |a 35 s. 
100 1 |a Rybka, Lukáš 
700 1 |a Szászová, Renáta 
710 2 |a Fakulta hospodárskej informatiky EU. Katedra účtovníctva a audítorstva